<?xml version="1.0" encoding="UTF-8"?>
<record
    xmlns:xsi="http://www.w3.org/2001/XMLSchema-instance"
    xsi:schemaLocation="http://www.loc.gov/MARC21/slim http://www.loc.gov/standards/marcxml/schema/MARC21slim.xsd"
    xmlns="http://www.loc.gov/MARC21/slim">

  <leader>04594nam a2200553 i 4500</leader>
  <controlfield tag="001">65272</controlfield>
  <controlfield tag="003">FlNmELB</controlfield>
  <controlfield tag="005">20241217142620.0</controlfield>
  <controlfield tag="006">m     o  d |      </controlfield>
  <controlfield tag="007">cr cnu||||||||</controlfield>
  <controlfield tag="008">210625s2012    ck a   fob    000 0 spa d</controlfield>
  <datafield tag="020" ind1=" " ind2=" ">
    <subfield code="a">9789587617917</subfield>
    <subfield code="q">(e-book)</subfield>
  </datafield>
  <datafield tag="020" ind1=" " ind2=" ">
    <subfield code="z">9789587610321</subfield>
  </datafield>
  <datafield tag="035" ind1=" " ind2=" ">
    <subfield code="a">(OCoLC)1261027743</subfield>
  </datafield>
  <datafield tag="040" ind1=" " ind2=" ">
    <subfield code="a">FINmELB</subfield>
    <subfield code="b">spa</subfield>
    <subfield code="e">rda</subfield>
    <subfield code="c">FINmELB</subfield>
  </datafield>
  <datafield tag="050" ind1=" " ind2="4">
    <subfield code="a">TP155.7</subfield>
    <subfield code="b">R653 2012</subfield>
  </datafield>
  <datafield tag="080" ind1=" " ind2=" ">
    <subfield code="a">66.02</subfield>
  </datafield>
  <datafield tag="082" ind1="0" ind2="4">
    <subfield code="a">660.28</subfield>
    <subfield code="2">23</subfield>
  </datafield>
  <datafield tag="100" ind1="1" ind2=" ">
    <subfield code="a">Rojas Gonz&#xE1;lez, Andr&#xE9;s Felipe,</subfield>
    <subfield code="e">autor.</subfield>
  </datafield>
  <datafield tag="245" ind1="1" ind2="0">
    <subfield code="a">Fundamentos de procesos qu&#xED;micos /</subfield>
    <subfield code="c">Andr&#xE9;s Felipe Rojas Gonz&#xE1;lez.</subfield>
  </datafield>
  <datafield tag="264" ind1=" " ind2="1">
    <subfield code="a">Manizales :</subfield>
    <subfield code="b">Universidad Nacional de Colombia,</subfield>
    <subfield code="c">2012.</subfield>
  </datafield>
  <datafield tag="300" ind1=" " ind2=" ">
    <subfield code="a">1 recurso en l&#xED;nea (262 p&#xE1;ginas) :</subfield>
    <subfield code="b">ilustraciones, diagramas, tablas</subfield>
  </datafield>
  <datafield tag="336" ind1=" " ind2=" ">
    <subfield code="a">texto</subfield>
    <subfield code="b">txt</subfield>
    <subfield code="2">rdacontent/spa</subfield>
  </datafield>
  <datafield tag="337" ind1=" " ind2=" ">
    <subfield code="a">computadora</subfield>
    <subfield code="b">c</subfield>
    <subfield code="2">rdamedia/spa</subfield>
  </datafield>
  <datafield tag="338" ind1=" " ind2=" ">
    <subfield code="a">recurso en l&#xED;nea</subfield>
    <subfield code="b">cr</subfield>
    <subfield code="2">rdacarrier/spa</subfield>
  </datafield>
  <datafield tag="490" ind1="1" ind2=" ">
    <subfield code="a">Libro de texto</subfield>
  </datafield>
  <datafield tag="504" ind1=" " ind2=" ">
    <subfield code="a">Incluye referencias bibliogr&#xE1;ficas, p&#xE1;ginas 261-262.</subfield>
  </datafield>
  <datafield tag="500" ind1=" " ind2=" ">
    <subfield code="a">Trabajo docente U.N.</subfield>
  </datafield>
  <datafield tag="500" ind1=" " ind2=" ">
    <subfield code="a">Incluye nomenclatura, glosario, al final de cada cap&#xED;tulo se incluyen problemas propuestos.</subfield>
  </datafield>
  <datafield tag="505" ind1="0" ind2=" ">
    <subfield code="a">Cap&#xED;tulo 1. Principios b&#xE1;sicos de ingenier&#xED;a - 1.1. Procesos y su representaci&#xF3;n - 1.2. fundamentos en ingenier&#xED;a de procesos - 1.3. procedimientos matem&#xE1;ticos especiales - 1.4. Problemas propuestos - Cap&#xED;tulo 2. Combusti&#xF3;n, vapores, gases y mezclas gaseosas - 2.1. Procesos de combusti&#xF3;n - 2.2. Vapores, gases y mezclas gaseosas - 2.3. Problemas resueltos - Cap&#xED;tulo 3. Balances de materia en operaciones unitarias - 3.1. Definici&#xF3;n y clasificaci&#xF3;n de los balances de materia - 3.2. Ecuaciones fundamentales - 3.3. Balances de materia en una &#xFA;nica unidad - 3.4. Balances de materia en m&#xFA;ltiples unidades - 3.5. Problemas propuestos - Cap&#xED;tulo 4. Balances de materia en procesos unitarios : balances por componentes - 4.1. Ecuaciones fundamentales - 4.2. Balances de materia en una &#xFA;nica unidad - 4.3. Balances de materia en m&#xFA;ltiples unidades - 4.4. Dependencia o independencia lineal de las reacciones qu&#xED;micas - 4.5. Problemas propuestos - Cap&#xED;tulo 5. Balances de materia en procesos unitarios: balances por elemento - 5.1. Ecuaciones fundamentales - 5.2. Independencia lineal de los balances por elemneto - 5.3. An&#xE1;lisis de grados de libertad - 5.4. Problemas propuestos - Cap&#xED;tulo 6. Balance de energ&#xED;a - 6.1. Balance de energ&#xED;a sin reacci&#xF3;n qu&#xED;mica - 6.2. Balance de energ&#xED;a con reacci&#xF3;n qu&#xED;mica - 6.3. Problemas propuestos.</subfield>
  </datafield>
  <datafield tag="520" ind1=" " ind2=" ">
    <subfield code="a">Fundamentos de procesos qu&#xED;micos es una obra elaborada como una gu&#xED;a de estudio para alumnos de ingenier&#xED;a agr&#xED;cola, industrial, ambiental, de alimentos, de petr&#xF3;leos, de procesos e ingenier&#xED;a qu&#xED;mica, que requieren el manejo conceptual y pr&#xE1;ctico de los principios b&#xE1;sicos que gobiernan la materia. El libro presenta las teor&#xED;as, expresiones matem&#xE1;ticas y m&#xE9;todos de soluci&#xF3;n de los balances de materia y energ&#xED;a en operaciones y procesos unitarios, para sistemas tan simples como un equipo con una entrada y una salida, hasta procesos de m&#xFA;ltiples unidades, con m&#xFA;ltiples entradas y salidas, donde ocurren m&#xFA;ltiples reacciones qu&#xED;micas, apoyadas en aspectos matem&#xE1;ticos, f&#xED;sicos, qu&#xED;micos y termodin&#xE1;micos b&#xE1;sicos. Se dedica un cap&#xED;tulo al proceso de combusti&#xF3;n y se entrelaza con las teor&#xED;as de humedad y saturaci&#xF3;n, con apoyo de la psicrometr&#xED;a. Se incluyen 23 ejemplos resueltos, 117 ejercicios propuestos y un glosario de 43 palabras que complementan el entendimiento del texto.</subfield>
  </datafield>
  <datafield tag="588" ind1=" " ind2=" ">
    <subfield code="a">Descripci&#xF3;n basada en metadatos suministrados por el editor y otras fuentes.</subfield>
  </datafield>
  <datafield tag="590" ind1=" " ind2=" ">
    <subfield code="a">Recurso electr&#xF3;nico. Santa Fe, Arg.: elibro, 2021. Disponible v&#xED;a World Wide Web. El acceso puede estar limitado para las bibliotecas afiliadas a elibro.</subfield>
  </datafield>
  <datafield tag="650" ind1=" " ind2="0">
    <subfield code="a">Chemical processes.</subfield>
  </datafield>
  <datafield tag="650" ind1=" " ind2="0">
    <subfield code="a">Chemical engineering</subfield>
    <subfield code="v">Problems, exercises, etc.</subfield>
  </datafield>
  <datafield tag="650" ind1=" " ind2="0">
    <subfield code="a">Chemical reactions.</subfield>
  </datafield>
  <datafield tag="650" ind1=" " ind2="4">
    <subfield code="a">Procesos qu&#xED;micos.</subfield>
  </datafield>
  <datafield tag="650" ind1=" " ind2="4">
    <subfield code="a">Ingenier&#xED;a qu&#xED;mica</subfield>
    <subfield code="v">Problemas, ejercicios, etc.</subfield>
  </datafield>
  <datafield tag="650" ind1=" " ind2="4">
    <subfield code="a">Operaciones unitarias (Ingenier&#xED;a qu&#xED;mica)</subfield>
    <subfield code="x">Fundamentos</subfield>
    <subfield code="v">Problemas, ejercicios, etc.</subfield>
  </datafield>
  <datafield tag="650" ind1=" " ind2="4">
    <subfield code="a">Control de procesos qu&#xED;micos</subfield>
    <subfield code="x">Modelos qu&#xED;micos</subfield>
    <subfield code="v">Problemas, ejercicios, etc.</subfield>
  </datafield>
  <datafield tag="650" ind1=" " ind2="4">
    <subfield code="a">Reacciones qu&#xED;micas.</subfield>
  </datafield>
  <datafield tag="655" ind1=" " ind2="4">
    <subfield code="a">Libros electr&#xF3;nicos.</subfield>
  </datafield>
  <datafield tag="797" ind1="2" ind2=" ">
    <subfield code="a">elibro, Corp.</subfield>
  </datafield>
  <datafield tag="830" ind1=" " ind2="0">
    <subfield code="a">Libro de texto.</subfield>
  </datafield>
  <datafield tag="856" ind1="4" ind2="0">
    <subfield code="u">https://elibro.net/ereader/politecnicointernacional/127951</subfield>
  </datafield>
  <datafield tag="999" ind1=" " ind2=" ">
    <subfield code="c">65272</subfield>
    <subfield code="d">65272</subfield>
  </datafield>
</record>
